04408cam a22003011a 4500008004100000040006000041041000800101082001500109100004300124245023000167260005100397300006800448490004300516500048300559505038801042505017701430505051601607505062402123505050602747505069403253506002103947650002203968650001803990650001904008700004004027700002104067700001804088090316k18781879sp frb 000 0 spa d aDLCcSandra Yazo (modificó)dSandra Yazo (modificó) aspa 220a346.541 aSavigny, Friedrich Karl vond1779-186100aSistema del derecho romano actualcPor m. F. C. de Savigny ; traducido del Aleman por m. Ch. Guenoux ... Vertido al castellano por Jacinto Mesía y Manuel Poley ... y precedido de un prólogo de don Manuel Durán y Bas ... aMadridbF. Góngora y compañíac1878-1879 a2 v. (xxxix, 454 ; 467 ; 392 ; 397 ; 398 ; 466 p.)c22 x 14 cm.0 aBiblioteca universal. Seccion juridica aDetalles físicos: Encuadernación rígida en cartón forrada en cuero. Lomo con letras y adornos en dorado y repujados. Tapas con una decoración repujada. Guardas en papel de agua. Anteportada. Portada impresa en una tinta con varios sellos de tinta. Papel de buena calidad. Cortes pintados. Texto en una columna con notas al pie de página. V.1 con lomo y tapas desprendidas. V.3 tiene una lamina de un ángel. V.5 Tapas sueltas. V.6 Tapa posterior suelta, lomo roto. 2 aV.1: Fuentes del derecho romano actual: Objeto de esta obra. ; De la naturaleza de las fuentes del derecho romano en general. ; Fuentes del derecho romano actual. ; Interpretación de las leyes -- Relaciones de derecho: Definición de las relaciones de derecho y de sus diferentes especies. ; De las personas consideradas como sujetos de las relaciones jurídicas. ; Apéndices. 2 aV.2: De las personas consideradas como sujetos de las relaciones jurídicas (continuación). ; Del nacimiento y extinción de las relaciones jurídicas. ; Apéndices. 2 aV.3: Del origen y de la extinción de las relaciones de derecho: Donación. ; Acto entre vivos. ; Enajenación. ; Enriquecimiento. ; Intención de enriquecer. ; Donación. ; Diversos actos jurídicos que pueden constituirla. ; Obligare. ; Liberare. ; Revocación por causas determinadas. ; Donato sub modo. ; El tiempo como parte integrante de los actos jurídicos. ; El calendario. ; Reducción normal. ; Utile tempus. ; Día intercalar. ; Falta de validez de los actos jurídicos. ; Apéndices. 2 aV.4: Violación de los derechos: Introducción. ; Acción. División de las acciones, in personam in rem. ; División de las acciones, acciones penales. ; División de las acciones, civiles honorarie. ; División de las acciones, ordina. ; División de las acciones, partes constitutivas de la fórmula. ; División de las acciones, in jus, in factum conceptae. ; División de las acciones, stricti juris. ; División de las acciones, arbitrarae actiones. ; División de las acciones, aplicación al derecho actual. ; Medios de defensa del demandado. ; Extinción del derecho de acción. ; Apéndices. 2 aV.5: Violación de los derechos (continuación): Litiscontestatio. ; De lo que constituye la litiscontestatio, derecho romano. ; De lo que constituye la litiscontestatio, leyes del derecho canónico y leyes del imperio. ; Efectos de la litiscontestatio: La condena asegurada. ; Extensión de la condena. ; Ampliaciones. ; Frutos descuidados. ; Intereses jurídicos. ; Disminuciones. ; Autoridad de la cosa juzgada. ; De lo que suple al juicio: Confesión judicial. ; El juramento. ; Apéndices.2 aV.6: Restitución: Introducción. ; Definición. ; Condiciones. ; Causas diversas. ; Magistrados llamados a decretarle. ; Partes que figuran en esta especie. ; Procedimiento. ; Sus efectos – Imperio de las reglas de derecho sobre las relaciones jurídicas: Límites del imperio de las reglas del derecho sobre las relaciones jurídicas. ; Ojeda general. ; El origen y el territorio como causas de la sumisión. ; Principios del derecho romano sobre el origo y el domicilium. ; Traslado de las diversas relaciones de derecho. ; Derecho de las cosas. ; Derecho de las obligaciones. ; Dos especies de reglas del derecho. ; Adquisiciones de los derechos. ; Existencia de los derechos. aConsulta en sala 7aConficto de leyes 7aDerecho civil 7aDerecho romano1 aGuenoux, Charles Jacquesetraductor1 aMesía, Jacinto1 aPoley, Manuel